000 00253nam a22001217a 4500
003 SGT
082 _a617.51
_bH13K
100 _aKIRTANE,MILIND V
245 _aHEAD AND NECK SURGERY
260 _aNEWYORK
_bTHIEME
_c2013
300 _a477
942 _2ddc
_cBK
999 _c14351
_d14351